00388cam a22001217a 4500008004000000082001400040100002000054245006700074260002800141300001400169500006200183650002100245180718b1989 xxu||||| |||| 00| 0 eng d aA99 R812f aRay, Sibnarayan aRadical humanism, revolution and renaissance: some reflections aCalcuttabMinervac1989 ap.121-134 a[In] For a revoluton from below, edited by Sibnarayan Ray aRadical Humanism